<?xml version="1.0" encoding="UTF-8"?><?xml-stylesheet type="text/xsl" href="static/style.xsl"?><OAI-PMH xmlns="http://www.openarchives.org/OAI/2.0/" xmlns:xsi="http://www.w3.org/2001/XMLSchema-instance" xsi:schemaLocation="http://www.openarchives.org/OAI/2.0/ http://www.openarchives.org/OAI/2.0/OAI-PMH.xsd"><responseDate>2026-04-17T13:01:44Z</responseDate><request verb="GetRecord" identifier="oai:www.recercat.cat:2445/222339" metadataPrefix="marc">https://recercat.cat/oai/request</request><GetRecord><record><header><identifier>oai:recercat.cat:2445/222339</identifier><datestamp>2025-12-10T00:44:46Z</datestamp><setSpec>com_2072_1057</setSpec><setSpec>col_2072_478917</setSpec></header><metadata><record xmlns="http://www.loc.gov/MARC21/slim" xmlns:dcterms="http://purl.org/dc/terms/" xmlns:xsi="http://www.w3.org/2001/XMLSchema-instance" xmlns:doc="http://www.lyncode.com/xoai" xsi:schemaLocation="http://www.loc.gov/MARC21/slim http://www.loc.gov/standards/marcxml/schema/MARC21slim.xsd">
   <leader>00925njm 22002777a 4500</leader>
   <datafield ind2=" " ind1=" " tag="042">
      <subfield code="a">dc</subfield>
   </datafield>
   <datafield ind2=" " ind1=" " tag="720">
      <subfield code="a">Rivera Garretas, María-Milagros, 1947-</subfield>
      <subfield code="e">author</subfield>
   </datafield>
   <datafield ind2=" " ind1=" " tag="260">
      <subfield code="c">2025-07-17T12:23:47Z</subfield>
   </datafield>
   <datafield ind2=" " ind1=" " tag="260">
      <subfield code="c">2025-07-17T12:23:47Z</subfield>
   </datafield>
   <datafield ind2=" " ind1=" " tag="260">
      <subfield code="c">2015-09</subfield>
   </datafield>
   <datafield ind2=" " ind1=" " tag="520">
      <subfield code="a">Este librito concentra en pocas páginas la obra, en mi opinión, más original e interesante de la política occidental contemporánea. Nadie como Lia Cigarini ahorra a quien lee tópicos y repeticiones, dándole, en cambio, simbólico para entender y entenderse en un mundo que la revolución de las mujeres y la informática han vuelto irreconocible. Luisa Cavaliere, por su parte, consigue que Lia diga todavía con más precisión lo esencial del pensamiento que ha ido elaborando desde finales de la década de 1960 hasta hoy. En este libro, Lia Cigarini dice sobre la libertad femenina (su gran invención simbólica) las palabras más bellas que ha dicho nunca. Por ejemplo: “la libertad es, en su esencia, una experiencia relacional. Mi libertad no depende de la soberanía ni de mí personalmente. En ciertos momentos de mi vida noto que hay libertad, y luego la pierdo; siento que se cuela la repetición. Esto quiere decir que el acontecimiento de mi libertad sigue siendo un campo de batalla, algo no adquirido para siempre.”</subfield>
   </datafield>
   <datafield tag="653" ind2=" " ind1=" ">
      <subfield code="a">Feminisme</subfield>
   </datafield>
   <datafield tag="653" ind2=" " ind1=" ">
      <subfield code="a">Pensament polític</subfield>
   </datafield>
   <datafield tag="653" ind2=" " ind1=" ">
      <subfield code="a">Llibertat</subfield>
   </datafield>
   <datafield tag="653" ind2=" " ind1=" ">
      <subfield code="a">Feminism</subfield>
   </datafield>
   <datafield tag="653" ind2=" " ind1=" ">
      <subfield code="a">Political thought</subfield>
   </datafield>
   <datafield tag="653" ind2=" " ind1=" ">
      <subfield code="a">Liberty</subfield>
   </datafield>
   <datafield tag="653" ind2=" " ind1=" ">
      <subfield code="a">Cigarini, Lia</subfield>
   </datafield>
   <datafield tag="653" ind2=" " ind1=" ">
      <subfield code="a">Cavaliere, Luisa</subfield>
   </datafield>
   <datafield ind2="0" ind1="0" tag="245">
      <subfield code="a">LUISA CAVALIERE. LIA CIGARINI. Hay una buena diferencia. Un diálogo</subfield>
   </datafield>
</record></metadata></record></GetRecord></OAI-PMH>